000 00845nac a22002657a 4500
001 BR8600012
003 BR-BrBNA
005 20240105120341.0
008 230509b bl.|||m| |||| 00| 0 por d
040 _aBR-BrBNA
_bpor
_cBiblioteca Nacional de Agricultura
072 _aP01
090 _aP01 BR8600012
100 1 _aSantiago, A. da C.
110 1 _aCoordenadoria de Assistencia Tecnica Integral, Campinas, SP (Brasil)
245 1 _aArborizacao das cidades
246 1 _a[Tree planting in the cities]
260 3 _aCampinas, SP (Brasil):
_c1985.
300 _a18 p.
490 _aBoletim Tecnico - Coordenadoria de Assistencia Tecnica Integral (Brazil)
_vno. 90
_xISSN 0100-4417
650 _aARBORIZACAO
650 _aURBANIZACAO
650 _aCIDADE
909 _a202312
_bLúcia Elande
_c55
_dLúcia Elande
942 _2AGRIS
_n0
_cMS
999 _c279021
_d279021